Записка неизвестного автора о русской литературе от Карамзина до 70-х г. XIX в.

Доступно только в Электронных читальных залах Найти на картеНа карте
RUSMARC
00003453nac2a22002411x 450
001a3e78b72-9f4f-42ae-985b-24ba8562862a
00520130903153609.0
100##$a20130731l1852 k y0rusy50 ca
1010#$arus
102##$aRU
105##$ay z |||||
2001#$aЗаписка неизвестного автора о русской литературе от Карамзина до 70-х г. XIX в.
$j[19--]
215##$a4 листа
251##$cДело
300##$aРукописный текст
330##$aVIII. Документальные материалы В. В. Никольского
461#0$10011c5950b4-9b17-43ad-92f1-e565a07ae223
$12001
$aНикольский Борис Владимирович, историк права, профессор Юрьевского и Петербургского университетов, один из руководителей главного совета "Русского собрания", поэт, критик
$1251
$cФонд
$1852
$j588
462#0$1001043cb56e-d22b-4662-8e27-e4634e8ce784
$12001
$a1852-1919 гг.
$1251
$cОпись
$1852
$j3
600#1$aНикольский
$bБ. В.
$gБорис Владимирович
600#1$aКарамзин
$bН. М.
$gНиколай Михайлович
801#0$aRU
$bGA_RF
801#1$aRU
$bНПО Опыт
$c20130731
$2rusmarc
801#2$aRU
$bПБ им. Б.Н. Ельцина
$c20130903
$gRCR
$2rusmarc
852##$aГА РФ
$j122
937##$d31264968
$hПБ
035##$aRuPRLIB51010812
Формат отображения